00305nam a2200121Ia 4500008004100000100002100041245004100062260002300103300000900126650002600135942000700161999001500168190216s9999||||xx |||||||||||||| ||und|| aJagadish Prakash 0aBusiness Organisation And Management bS Chand & Coc1974 a686p aBusiness Organisation cBK c4515d4515